000 00744 a2200277 4500
001 113307
020 _a9781602535305 (lib. bdg. : alk. paper)
041 _apor
090 _aToddler [E]
092 _a2010015200
250 _a. ed.
300 _a16 p.
490 _aChildren's favorite poems and songs
697 _aChildren's poetry.
697 _aCounting.
697 _aMonkeys - Poetry.
697 _aMonkeys - Juvenile poetry.
697 _aNursery rhymes
830 _aChildren's favorite poems and songs
856 _u000023/0000235c.jpg
040 _aBR-BrIDEA
_cBR-BrIDEA
100 _aAvril, Lynne
_d1951
245 1 0 _aFive little monkeys
_c Lynne Avril
260 _a[S.l.]
_bChild's World
_c2011
942 _cBK
999 _c113307
_d113307